| 000 | 00580pam a2200205 a 4500 | ||
|---|---|---|---|
| 020 | _c10465.00 | ||
| 040 | _aMedical College Lib | ||
| 041 |
_aENG _hENG |
||
| 082 |
_a616.2 _bNOT |
||
| 100 | _aNotter, Robert H.. | ||
| 245 |
_aLung Injury Mechanisms, Pathophysiology, and Therapy Vol - 196 / _c _hTextual Documents |
||
| 260 |
_a : _bTaylor & Francis , _c2005. |
||
| 300 |
_a1446 ; _c |
||
| 365 | _a10465.00 | ||
| 653 |
_aTB And Chest _aMedicine _aMedical Science |
||
| 907 | _a11502 | ||
| 930 | _a7467 | ||
| 999 |
_c7466 _d7466 |
||